000 00620nam a22001697a 4500
003 OSt
005 20260407151626.0
008 260407b |||||||| |||| 00| 0 eng d
040 _cMRSPTU
041 _aEnglish
100 _aBeant Kaur, Supervisor: Dr. Kawaljit Singh Sandhu
245 _aPreparation of Jam From Black and White Mulberries and Analysis of its Physicochemical, Textural and Sensory Attributes
260 _bDepartment of Food Science & Technology, MRSPTU, Bathinda
_c2022
650 _aFood Science & Technology
856 _uhttp://163.47.215.52:8080/jspui/handle/123456789/493
942 _2ddc
_cTH
_n0
999 _c11349
_d11349